Chi-Dec : Power tools pack, 160 and full applications, auto (Record no. 139711)

000 -LEADER
fixed length control field 00265nmm a2200097Ia 4500
008 - FIXED-LENGTH DATA ELEMENTS--GENERAL INFORMATION
fixed length control field 220120s9999||||xx |||||||||||||||||und||
020 ## - INTERNATIONAL STANDARD BOOK NUMBER
International Standard Book Number 0-07-052929
100 ## - MAIN ENTRY--PERSONAL NAME
Personal name CHIP magazine
245 #0 - TITLE STATEMENT
Title Chi-Dec : Power tools pack, 160 and full applications, auto
260 ## - PUBLICATION, DISTRIBUTION, ETC.
Date of publication, distribution, etc. 2011
Holdings
Withdrawn status Lost status Damaged status Not for loan Home library Current library Date acquired Barcode Date last seen Price effective from Koha item type
        Central Library Central Library 01/20/2022 CD1262 01/20/2022 01/20/2022 Compact Disc

Powered by Koha